| 000 | 00625nam a2200205Ia 4500 | ||
|---|---|---|---|
| 001 | 1787 | ||
| 003 | GE_BSU | ||
| 008 | 181216s||||||||xx |||||||||||||| ||und|| | ||
| 040 | _cGE_BSU | ||
| 080 | _a94(479.2) | ||
| 245 | _aНаучни известия. Т. VI,кн.1-2. | ||
| 245 | _bЮгозападен университет ,,Неофит рилски"Правно-исторический факултет | ||
| 260 | _aБлагоевград | ||
| 260 | _bНеофит рилски | ||
| 260 | _c2010 | ||
| 300 | _a480 с. 23 см. | ||
| 541 | _h20 л. | ||
| 653 | _aНаучни известия. | ||
| 942 | _cBK | ||
| 999 |
_c35894 _d35894 |
||